Statistics for Country Flags in Nature #1

Click here to take the quiz!

General Stats

  • This quiz has been taken 73 times
  • The average score is 11 of 12

Answer Stats

Answer% Correct
Canada
100%
France
98%
Finland
97%
Russia
97%
Ukraine
97%
Estonia
93%
Poland
93%
Turkey
92%
Japan
89%
Germany
85%
Bulgaria
74%
Armenia
46%

Score Distribution

Percentile by Number Answered

Percent of People with Each Score

Your Score History

You have not taken this quiz